000 02082nam a22003497a 4500
003 KnowledgeUnlatched
005 20210303104750.0
006 m o d
007 cr u||||||||||
008 210129p20202020xx o u00| u eng d
037 _5BiblioBoard
245 0 0 _aEIB Group Carbon Footprint Report 2019
_cEuropean Investment Bank.
020 _a9789286146879
024 8 _ahttps://doi.org/10.2867/753325
029 1 _ahttps://library.biblioboard.com/ext/api/media/f7068e1a-5b4b-4cb5-afac-916fcd85223b/assets/thumbnail.jpg
040 _aScCtBLL
_cScCtBLL
100 1 _aEuropean Investment Bank
_eauthor.
264 1 _bEuropean Investment Bank,
300 _a1 online resource (1 p.)
506 0 _aAccess copy available to the general public.
_fUnrestricted
_2star
520 _aThe EIB Group has been measuring and managing the environmental impact of its operations since 2007. In that time we have grown to meet the needs of European citizens (and beyond) by providing sustainable finance to tackle Climate change across the globe. In 2019 the EIB Group has improved its Carbon footprint and reduced emissions resulting from its internal operations. In 2019, the relative carbon footprint per employee fell by 6.0% to 5.41 tCO2e per employee. At the same time, the Group's total net carbon footprint decreased by 4.4% to 21,434 tCO2e. This reduction is mostly driven by a decrease in business travel, commuting and data centres (Green IT).
588 0 _aDescription based on print version record.
590 _aKU Open Services
650 7 _aBusiness & Economics / Finance
_2bisacsh
650 0 _aEconomics
655 0 _aElectronic books.
758 _iIs found in:
_aKnowledge Unlatched
_1https://openresearchlibrary.org/module/2774bc74-146a-484f-a7ba-ab1d6a09bbfb
856 4 0 _uhttps://openresearchlibrary.org/content/f7068e1a-5b4b-4cb5-afac-916fcd85223b
_zView this content on Open Research Library.
_70
999 _c32566
_d32566